Ioannis Baptistae Baiardi ... Additiones et annotationes insignes ac solemnes ad Iulii Clari Lib. V receptarum sentent. Sive Practicam Criminalem (Registro nro. 36346)

Detalles MARC
000 -ENCABEZADO
Número de control [NR] 02246nam a2200301Ia 4500
008 - DE LONGITUD FIJA DE DATOS DE ELEMENTOS - INFORMACIÓN GENERAL
Elementos de longitud fija [NR] 130821s1603 it a gr lat
040 ## - FUENTE DE CATALOGACION [NR]
Agencia de catalogación original [NR] Co-BoUCM
Idioma de catalogación [NR] spa
041 0# - CODIGO DE IDIOMA [R]
Código de idioma para texto/pista de sonido o título separado [R] Latín
092 ## - SIGNATURA TOPOGRAFICA LOCAL
Número de clasificación local E18N057
100 1# - ASIENTO PRINCIPAL--NOMBRE PERSONAL [NR]
Nombre personal [NR] Baiardi, Giovanni Battista
Fechas asociadas con el nombre [NR] fl. 1598
242 00 - TRADUCCION DEL TITULO POR LA AGENCIA CATALOGADORA [R]
Título [NR] Adiciones y anotaciones notables exactas a los cinco libres de Julio Claro sobre los conceptos aeptados. O Práctica Penal (criminal)
Código de idioma del título traducido [NR] spa
245 10 - MENCION DE TITULO [NR]
Título [NR] Ioannis Baptistae Baiardi ... Additiones et annotationes insignes ac solemnes ad Iulii Clari Lib. V receptarum sentent. Sive Practicam Criminalem
246 13 - FORMA VARIANTE DEL TITULO [R]
Título propiamente dicho/forma breve del título [NR] [Adiciones y anotaciones notables exactas a los cinco libres de Julio Claro sobre los conceptos aeptados. O Práctica Penal (criminal)]
260 ## - PUBLICACION, DISTRIBUCION, ETC. (PIE DE IMPRENTA) [R]
Lugar de publicación, distribución, etc. [R] Parma (Emilia-Romaña, Italia)
Nombre del editor, distribuidor, etc. [R] Apud Erasmun Viothum [Erasmo Viothum]
Fecha de publicación, distribución, etc. [R] 1603
300 ## - DESCRIPCION FISICA [R]
Extensión [R] [50], 256 folios
Otros detalles físicos [NR] ilustraciones
500 ## - NOTA GENERAL [R]
Nota general [NR] Detalles físicos: Encuadernación flexible en pergamino, en buen estado de conservación, conserva cierres, guarda delantera y hoja de cortesía. Portada impresa a dos tintas, con un grabado (muestra probablemente el emblema del impresor, enmarcada por elementos clásicos, se ve la figura de un unicornio bebiendo en una corriente de agua, lo enmarca un lema que dice: "La virtud engendra seguridad"). Texto impreso en dos columnas, con caracteres romanos (de apariencia antigua) y cursivos. Mayúsculas capitales pequeñas. Reclamos y signaturas. Colofón. Algunas hojas muy manchadas (folios 155 a 158) ejemplar empiezan a descoserse.
504 ## - NOTA DE BIBLIOGRAFIA, ETC. [R]
Nota de bibliografía, etc. [NR]
505 0# - NOTA DE CONTENIDO CON FORMATO PREESTABLECIDO [R]
Nota de contenido con formato preestablecido [NR] Conceptos jurídicos sobre delitos castigados en el derecho penal explicados y analizados: El adulterio. ; La falsedad. ; El hurto. ; El homicidio. ; La injuria. ; El crimen de lesa majestad. ; El parricidio. ; El rapto. ; El estupro. ; La usura. -- Cien cuestiones sobre derecho y procedimiento penal.
506 ## - NOTA DE RESTRICCIONES DE ACCESO [R]
Condiciones de acceso [NR] Consulta en sala.
546 ## - NOTA DE IDIOMA [R]
Nota de idioma [NR] Texto en latín
650 04 - ASIENTO SECUNDARIO DE MATERIA - TERMINO TEMATICO [R]
Término temático o nombre geográfico como elemento de entrada [NR] Derecho civil
Subdivisión general [R] Obras anteriores a 1700
9 (RLIN) 12711
650 04 - ASIENTO SECUNDARIO DE MATERIA - TERMINO TEMATICO [R]
Término temático o nombre geográfico como elemento de entrada [NR] Derecho penal
9 (RLIN) 12805
650 04 - ASIENTO SECUNDARIO DE MATERIA - TERMINO TEMATICO [R]
Término temático o nombre geográfico como elemento de entrada [NR] Derecho penal
Subdivisión general [R] Delitos
9 (RLIN) 12805
650 04 - ASIENTO SECUNDARIO DE MATERIA - TERMINO TEMATICO [R]
Término temático o nombre geográfico como elemento de entrada [NR] Derecho penal
Subdivisión general [R] Obras anteriores a 1700
9 (RLIN) 12805
700 1# - ASIENTO SECUNDARIO - NOMBRE PERSONAL [R]
Nombre personal [NR] Viothum, Erasmo
Término de relación [R]
942 ## - ELEMENTOS DE ENTRADA AGREGADOS (KOHA)
Tipo de ítem principal el descrito en 300a Libro
Tema principal Derecho
Edición 1
Sistema de clasificación DEWEY
Clasificación 345
Existencias
Total préstamos Código de barras Última vez visto Volúmen / Fascículo Ejemplar Price effective from Tipo de ítem Perdido Sistema de clasificación Dañado No prestable Tipo de ítem específico Suprimido Ubicación habitual Ubicación actual Localización Fecha de creación Forma de adquisición Costo
  L002728 15/12/2012 E18N057 Ej.1 03/02/2013 Libro   DEWEY     Libro archivo     Archivo Histórico Archivo histórico 28/02/2013 Donación 0.00